[Event "BL 9293 Bochum-Stadthagen"]
[Site "?"]
[Date "1993.??.??"]
[Round "?.5"]
[White "Keitlinghaus, L."]
[Black "Jackelen, T."]
[Result "1-0"]
[WhiteElo "2455"]
[BlackElo "2420"]
[PlyCount "61"]
[EventDate "1993.??.??"]

1. e4 e6 2. d4 d5 3. e5 c5 4. c3 Nc6 5. Nf3 Bd7 6. Be2 Nge7 7. O-O Rc8 8. dxc5
Ng6 9. b4 Ngxe5 10. Nxe5 Nxe5 11. f4 Nc4 12. Bxc4 dxc4 13. Be3 b6 14. cxb6 axb6
15. a4 Ra8 16. Nd2 Qc7 17. Qf3 Rb8 18. Qe4 Be7 19. Qxc4 Qb7 20. Qe2 Bf6 21. Nc4
O-O 22. Nxb6 Bxc3 23. Rad1 Bc6 24. b5 Bd5 25. Qd3 Bf6 26. Nxd5 exd5 27. Qxd5
Qxd5 28. Rxd5 Ra8 29. b6 Rxa4 30. Rb1 Rb8 31. b7 1-0

[Event "BL 9293 Bochum-Stadthagen"]
[Site "?"]
[Date "1993.??.??"]
[Round "?.6"]
[White "Von Gleich, A."]
[Black "Heissler, J."]
[Result "1/2-1/2"]
[WhiteElo "2335"]
[BlackElo "2410"]
[PlyCount "74"]
[EventDate "1993.??.??"]

1. Nf3 Nf6 2. c4 c6 3. Nc3 d6 4. e4 Nbd7 5. d4 e5 6. Be2 Be7 7. O-O O-O 8. Qc2
a6 9. Rd1 Qc7 10. Bg5 Re8 11. Rd2 h6 12. Bh4 Nf8 13. c5 exd4 14. cxd6 Bxd6 15.
Rxd4 Ng4 16. Bg3 Bxg3 17. hxg3 Ne6 18. Rd2 Qb6 19. Bc4 Nc5 20. Rad1 Be6 21.
Bxe6 Nxe6 22. e5 Ng5 23. Re2 Nxf3+ 24. gxf3 Nxe5 25. Qf5 Ng6 26. Rd7 Rf8 27.
Ne4 Qb5 28. Qxb5 axb5 29. a3 Ne5 30. Rxb7 Nxf3+ 31. Kg2 Nd4 32. Re3 Rab8 33.
Rc7 Rfc8 34. Ra7 Ra8 35. Rb7 Rab8 36. Ra7 Ra8 37. Rb7 Rab8 1/2-1/2

[Event "BL 9293 Bochum-Stadthagen"]
[Site "?"]
[Date "1993.??.??"]
[Round "?.7"]
[White "Schirm, F."]
[Black "Luecke, N."]
[Result "0-1"]
[WhiteElo "2340"]
[BlackElo "2410"]
[PlyCount "22"]
[EventDate "1993.??.??"]

1. Nf3 g6 2. d4 Nf6 3. c4 Bg7 4. Nc3 d5 5. Bg5 dxc4 6. e3 Be6 7. Ne5 Nd5 8.
Bxc4 Nxc3 9. bxc3 Bxc4 10. Nxc4 Qd5 11. Qg4 f6 0-1

[Event "BL 9293 Bochum-Stadthagen"]
[Site "?"]
[Date "1993.??.??"]
[Round "?.8"]
[White "Sonntag, HH."]
[Black "Heilemann, M."]
[Result "1-0"]
[WhiteElo "2415"]
[BlackElo "2285"]
[PlyCount "93"]
[EventDate "1993.??.??"]

1. d4 Nf6 2. c4 e6 3. Nc3 d5 4. Bg5 Be7 5. Nf3 Nbd7 6. e3 c6 7. Rc1 dxc4 8.
Bxc4 Nd5 9. Bxe7 Qxe7 10. O-O Nxc3 11. Rxc3 e5 12. Nxe5 Nxe5 13. dxe5 Qxe5 14.
f4 Qf6 15. e4 Be6 16. e5 Qd8 17. Bxe6 fxe6 18. Qg4 Qe7 19. Rd3 Rd8 20. Rxd8+
Kxd8 21. Rd1+ Kc7 22. Rd6 Rd8 23. Qxe6 Qxe6 24. Rxe6 Rd1+ 25. Kf2 Kd7 26. Ke2
Rd5 27. f5 Ra5 28. a3 Rb5 29. b4 a5 30. Kf3 axb4 31. axb4 Rxb4 32. Rd6+ Ke7 33.
g4 Rb3+ 34. Kf4 Rb4+ 35. Kg5 Re4 36. Re6+ Kd7 37. h4 c5 38. h5 c4 39. h6 gxh6+
40. Rxh6 Rxe5 41. Rxh7+ Re7 42. Rh1 Re4 43. Rd1+ Ke8 44. Rd5 Re1 45. f6 b6 46.
Kg6 c3 47. f7+ 1-0

[Event "BL 9293 Bielefeld-Empor Berlin"]
[Site "?"]
[Date "1993.??.??"]
[Round "?.1"]
[White "Kovalev, A."]
[Black "Bangiev, A."]
[Result "1-0"]
[WhiteElo "2555"]
[BlackElo "2395"]
[PlyCount "85"]
[EventDate "1993.??.??"]

1. e4 c5 2. Nf3 d6 3. d4 cxd4 4. Nxd4 Nf6 5. Nc3 a6 6. a4 g6 7. Be2 Bg7 8. O-O
O-O 9. Be3 Nc6 10. f4 Bd7 11. Kh1 Rc8 12. Nb3 Be6 13. f5 Bd7 14. Qe1 Ne5 15. a5
Nc4 16. Bxc4 Rxc4 17. Qe2 Bb5 18. Nxb5 axb5 19. Bd4 Nd7 20. c3 Bxd4 21. Nxd4
Nf6 22. g4 Qd7 23. g5 Nh5 24. Rf3 Rc5 25. Raf1 Re5 26. Qf2 Qe8 27. Re3 Rc5 28.
b4 Rc4 29. Rf3 Ng7 30. Qh4 Qc8 31. Qh6 Rxc3 32. f6 exf6 33. gxf6 Nh5 34. Nf5
Rxf3 35. Ne7+ Kh8 36. Nxc8 Rxf1+ 37. Kg2 Rxc8 38. Kxf1 Nxf6 39. Qg5 Nxe4 40.
Qxb5 Rc1+ 41. Kg2 Rc2+ 42. Kf3 f5 43. Qxb7 1-0

[Event "BL 9293 Bielefeld-Empor Berlin"]
[Site "?"]
[Date "1993.??.??"]
[Round "?.2"]
[White "Panzer, P."]
[Black "Muse, M."]
[Result "1/2-1/2"]
[WhiteElo "2330"]
[BlackElo "2490"]
[PlyCount "156"]
[EventDate "1993.??.??"]

1. d4 Nf6 2. c4 g6 3. Nc3 d5 4. e3 Bg7 5. Bd2 O-O 6. Rc1 c6 7. Bd3 Na6 8. cxd5
Nb4 9. Be2 Nbxd5 10. Nf3 Be6 11. O-O h6 12. Na4 Ne4 13. Nc5 Nxc5 14. Rxc5 Nf6
15. Qb1 Bd5 16. Rd1 Ne4 17. Rcc1 Qd6 18. Bc4 Nxd2 19. Nxd2 e5 20. e4 Be6 21. d5
Bg4 22. f3 Bd7 23. dxc6 Bxc6 24. b4 Ba4 25. Bb3 Bxb3 26. Qxb3 Rad8 27. Nc4 Qe6
28. Ne3 Rd4 29. Nd5 Kh8 30. Rc7 f5 31. Rxd4 exd4 32. Nf4 Qd6 33. Ne6 Rg8 34.
Rc5 fxe4 35. fxe4 Be5 36. Qh3 h5 37. Ng5 Rf8 38. Nf3 Bg7 39. e5 Qa6 40. Qe6 Qd3
41. Qb3 Qe4 42. Qd1 Bh6 43. Kh1 d3 44. e6 Bg7 45. Rc7 Qe2 46. Qxe2 dxe2 47. Rc1
Re8 48. Kg1 Bh6 49. Rc2 Rxe6 50. Kf2 Be3+ 51. Ke1 Kg7 52. Rxe2 Kf6 53. Kd1 g5
54. h3 Kf5 55. Kc2 Kf4 56. Kd3 Rd6+ 57. Kc2 Rd5 58. Nh2 Bb6 59. Nf1 Rd7 60. Nd2
g4 61. hxg4 hxg4 62. Re4+ Kg3 63. Re2 Rf7 64. Ne4+ Kh2 65. g3+ Kg1 66. Kd3 Rf3+
67. Kc4 Bc7 68. a4 a5 69. bxa5 Bxa5 70. Rb2 b6 71. Rb5 Kg2 72. Rg5 Kh3 73. Rh5+
Kg2 74. Rg5 Ra3 75. Rxg4 Rxa4+ 76. Kd3 Ra3+ 77. Kc4 Ra1 78. Rg8 Rc1+ 1/2-1/2

[Event "BL 9293 Bielefeld-Empor Berlin"]
[Site "?"]
[Date "1993.??.??"]
[Round "?.3"]
[White "Chekhov, V."]
[Black "Kassebaum, R."]
[Result "1-0"]
[WhiteElo "2480"]
[BlackElo "2360"]
[PlyCount "55"]
[EventDate "1993.??.??"]

1. d4 Nf6 2. c4 g6 3. Nc3 Bg7 4. e4 d6 5. Be2 O-O 6. Nf3 e5 7. O-O Nc6 8. Be3
Re8 9. dxe5 dxe5 10. h3 h6 11. c5 Be6 12. Qa4 a6 13. Rfd1 Qc8 14. Nd5 Nd7 15.
Bc4 f5 16. Nh4 Kh7 17. exf5 gxf5 18. g4 f4 19. Qc2+ Kg8 20. Qg6 fxe3 21. Nf5
exf2+ 22. Kh2 Bxf5 23. gxf5 Nf8 24. Nb6+ Kh8 25. Qf7 Nh7 26. Nxc8 Raxc8 27. Rd7
Re7 28. Rxe7 1-0

[Event "BL 9293 Bielefeld-Empor Berlin"]
[Site "?"]
[Date "1993.??.??"]
[Round "?.4"]
[White "Pohl Kuemmel, JU."]
[Black "Poldauf, D."]
[Result "0-1"]
[WhiteElo "2320"]
[BlackElo "2400"]
[PlyCount "124"]
[EventDate "1993.??.??"]

1. d4 Nf6 2. c4 g6 3. Nc3 Bg7 4. e4 d6 5. f3 O-O 6. Be3 e5 7. d5 Nh5 8. Qd2 f5
9. O-O-O Nd7 10. Bd3 Nc5 11. Bc2 a5 12. Nge2 Bd7 13. Kb1 a4 14. h3 fxe4 15.
fxe4 a3 16. b4 Na4 17. Bxa4 Bxa4 18. Rc1 Bd7 19. g4 Nf4 20. Nxf4 exf4 21. Bxf4
Qe7 22. Rhe1 Rf7 23. Be3 Qe5 24. Red1 Qg3 25. Rh1 Rf3 26. Rcg1 Qe5 27. Rc1 Raf8
28. b5 Rg3 29. g5 Rff3 30. Rhe1 Rxh3 31. Re2 Bg4 32. Ree1 Rh2 33. Re2 Rxe3 34.
Rxh2 Rxc3 35. Rxc3 Qxc3 36. Qxc3 Bxc3 37. Kc2 Be5 38. Rf2 b6 39. Kd3 Kg7 40.
Rf1 Bh3 41. Rh1 Bg4 42. Rg1 Bh5 43. Rf1 Bb2 44. Ke3 Kg8 45. Kd2 Bg7 46. Kd3 Bf8
47. Rg1 Kg7 48. Rg3 Kf7 49. Kc2 Be7 50. Kb3 Kg7 51. Kxa3 h6 52. gxh6+ Kxh6 53.
Kb3 g5 54. Kc2 g4 55. a4 Bh4 56. Rg1 Bf2 57. a5 bxa5 58. Rg2 g3 59. c5 Bf3 60.
b6 cxb6 61. cxd6 Bxe4+ 62. Kc3 Bf5 0-1

[Event "BL 9293 Bielefeld-Empor Berlin"]
[Site "?"]
[Date "1993.??.??"]
[Round "?.5"]
[White "Stern, R."]
[Black "Meier, V."]
[Result "1-0"]
[WhiteElo "2345"]
[BlackElo "2310"]
[PlyCount "99"]
[EventDate "1993.??.??"]

1. d4 Nf6 2. c4 e6 3. Nf3 b6 4. g3 Bb4+ 5. Bd2 a5 6. Bg2 Ba6 7. Ne5 c6 8. O-O
O-O 9. Bxb4 axb4 10. Qb3 d5 11. Qxb4 dxc4 12. Rd1 Nd5 13. Qe1 Qe7 14. e4 Nf6
15. Na3 b5 16. b4 cxb3 17. axb3 Nbd7 18. Nxd7 Qxd7 19. Nc2 Bb7 20. Qb4 Rfd8 21.
Qc5 h6 22. e5 Nd5 23. Bxd5 Qxd5 24. Qxd5 Rxd5 25. Rxa8+ Bxa8 26. Ra1 Bb7 27.
Ra7 Rd7 28. f4 c5 29. dxc5 Rd1+ 30. Kf2 Rd2+ 31. Ke3 Rxc2 32. Rxb7 Rxc5 33. b4
Rc3+ 34. Kd2 Rb3 35. Rxb5 Rb2+ 36. Kc3 Rxh2 37. Ra5 g5 38. b5 Rh1 39. fxg5 hxg5
40. Ra4 Rc1+ 41. Kd4 Kg7 42. b6 f5 43. Rb4 Rc8 44. b7 Rb8 45. Kc5 f4 46. gxf4
g4 47. Kc6 Kg6 48. Kc7 Rf8 49. b8=Q Rxb8 50. Rxb8 1-0

[Event "BL 9293 Bielefeld-Empor Berlin"]
[Site "?"]
[Date "1993.??.??"]
[Round "?.6"]
[White "Geveke, M."]
[Black "Urban, Ju"]
[Result "1-0"]
[WhiteElo "2315"]
[BlackElo "2390"]
[PlyCount "78"]
[EventDate "1993.??.??"]

1. Nf3 d6 2. d4 Nf6 3. g3 g6 4. Bg2 Bg7 5. O-O O-O 6. c4 Nbd7 7. Nc3 e5 8. h3
c6 9. e4 exd4 10. Nxd4 Qb6 11. Na4 Qc7 12. Bf4 Ne5 13. b3 Qe7 14. Re1 Bd7 15.
Nc3 a6 16. Be3 c5 17. Nde2 Bc6 18. Qd2 b5 19. f4 b4 20. Nd5 Nf3+ 21. Bxf3 Bxd5
22. exd5 Ne4 23. Bxe4 Bxa1 24. Rxa1 Qxe4 25. Re1 Rfe8 26. Kf2 a5 27. Nc1 a4 28.
Nd3 axb3 29. axb3 Qf5 30. g4 Qf6 31. Kg3 h5 32. Nf2 h4+ 33. Kf3 Ra3 34. Ne4 Qe7
35. Qc2 Rxb3 36. Qxb3 Qxe4+ 37. Kf2 f5 38. g5 Ra8 39. Bc1 Qd4+ {Zeit} 1-0

[Event "BL 9293 Bielefeld-Empor Berlin"]
[Site "?"]
[Date "1993.??.??"]
[Round "?.7"]
[White "Thinius, M."]
[Black "Beilfuss, W."]
[Result "1/2-1/2"]
[WhiteElo "2310"]
[BlackElo "2235"]
[PlyCount "40"]
[EventDate "1993.??.??"]

1. e4 c5 2. Nf3 e6 3. d4 cxd4 4. Nxd4 a6 5. Nc3 Qc7 6. Bd3 Nf6 7. O-O Bc5 8.
Nb3 Be7 9. Qe2 d6 10. a4 b6 11. f4 Nc6 12. Be3 O-O 13. Kh1 Nd7 14. Nd4 Nc5 15.
Bg1 Bb7 16. Qh5 g6 17. Qh6 Bf6 18. Nf3 Bg7 19. Qh3 Nb4 20. Nd4 e5 1/2-1/2

[Event "BL 9293 Bielefeld-Empor Berlin"]
[Site "?"]
[Date "1993.??.??"]
[Round "?.8"]
[White "Seger, R."]
[Black "Rosenthal, D."]
[Result "1/2-1/2"]
[WhiteElo "2380"]
[BlackElo "2330"]
[PlyCount "81"]
[EventDate "1993.??.??"]

1. e4 e6 2. d4 d5 3. Nd2 c5 4. exd5 Qxd5 5. Ngf3 cxd4 6. Bc4 Qd6 7. O-O Nf6 8.
Nb3 Nc6 9. Nbxd4 Nxd4 10. Qxd4 Bd7 11. Be3 Qxd4 12. Bxd4 Rc8 13. Ne5 Bc5 14.
Rfd1 Ke7 15. Nxd7 Bxd4 16. Rxd4 Nxd7 17. Rad1 Ne5 18. Bb3 Rhd8 19. Kf1 Rxd4 20.
Rxd4 Nc6 21. Rd1 b5 22. c3 Na5 23. Rd4 Nc4 24. Bxc4 bxc4 25. Ke1 Rc5 26. Kd2 e5
27. Rh4 g5 28. Rxh7 Ra5 29. Rh8 Rxa2 30. Rb8 Ke6 31. Ke3 Ra1 32. g4 Re1+ 33.
Kf3 e4+ 34. Kg2 Rb1 35. Rb4 Kd5 36. Rb7 f6 37. Rxa7 Rxb2 38. Rd7+ Ke5 39. Re7+
Kd5 40. Rd7+ Ke5 41. Re7+ 1/2-1/2

[Event "BL 9293 Stadthagen-Bielefeld"]
[Site "?"]
[Date "1993.??.??"]
[Round "?.1"]
[White "Bangiev, A."]
[Black "Sax, G."]
[Result "0-1"]
[WhiteElo "2395"]
[BlackElo "2570"]
[PlyCount "90"]
[EventDate "1993.??.??"]

1. d4 Nf6 2. c4 e6 3. Nc3 Bb4 4. Bg5 h6 5. Bh4 c5 6. d5 d6 7. e3 Bxc3+ 8. bxc3
e5 9. Bd3 e4 10. Bc2 Nbd7 11. Ne2 O-O 12. Qb1 Qe7 13. a4 Ne5 14. Bxf6 Qxf6 15.
Bxe4 Nxc4 16. Qa2 Ne5 17. O-O b6 18. Rad1 Qh4 19. f3 Ba6 20. Rfe1 Bc4 21. Qb1
Rab8 22. Ng3 g6 23. Bc2 f5 24. Ne2 Bxe2 25. Rxe2 Qc4 26. Bd3 Qxc3 27. Rc2 Qa3
28. Ra2 Qb4 29. Qxb4 cxb4 30. Ba6 Nd7 31. Rd4 Nc5 32. Bb5 a6 33. Bc6 b3 34. Rb2
b5 35. axb5 a5 36. Rb1 Rf7 37. e4 fxe4 38. fxe4 a4 39. Rb4 a3 40. b6 a2 41. Ra1
Rbf8 42. Bb5 Rf4 43. Bc4 Rxe4 44. Rxb3 Nxb3 45. Bxb3 Rb4 0-1

[Event "BL 9293 Stadthagen-Bielefeld"]
[Site "?"]
[Date "1993.??.??"]
[Round "?.2"]
[White "Khalifman, A."]
[Black "Panzer, P."]
[Result "1-0"]
[WhiteElo "2630"]
[BlackElo "2330"]
[PlyCount "79"]
[EventDate "1993.??.??"]

1. e4 e6 2. d4 d5 3. Nc3 Bb4 4. e5 b6 5. Bd2 Qd7 6. Bb5 c6 7. Ba4 a5 8. a3 Bxc3
9. Bxc3 Ba6 10. Bd2 Bb5 11. Bxb5 cxb5 12. Qg4 f5 13. Qh5+ g6 14. Qe2 h6 15. h4
Nc6 16. Qd3 Nge7 17. Ne2 Kf7 18. f3 b4 19. axb4 Nxb4 20. Bxb4 axb4 21. Kf2 Ra5
22. b3 Qa7 23. Rac1 Ra2 24. Qe3 Qd7 25. Qd2 Qb5 26. Rhe1 Ke8 27. Ra1 Ra5 28.
Rec1 Kd7 29. Nf4 Rc8 30. Nd3 Nc6 31. Rxa5 Qxa5 32. Qxh6 Ne7 33. Qd2 Rc3 34. Kg3
Nc6 35. Nf4 Ne7 36. Qd1 Qa8 37. Ra1 Qb8 38. Qd2 Qc7 39. Ra2 Rc6 40. Qxb4 1-0

[Event "BL 9293 Stadthagen-Bielefeld"]
[Site "?"]
[Date "1993.??.??"]
[Round "?.3"]
[White "Kassebaum, R."]
[Black "Lobron, E."]
[Result "1/2-1/2"]
[WhiteElo "2360"]
[BlackElo "2620"]
[PlyCount "120"]
[EventDate "1993.??.??"]

1. e4 c6 2. d4 d5 3. exd5 cxd5 4. c4 Nf6 5. Nc3 e6 6. Nf3 Bb4 7. Bd3 dxc4 8.
Bxc4 O-O 9. O-O Nbd7 10. a3 Bxc3 11. bxc3 Qc7 12. Qd3 e5 13. dxe5 Nxe5 14. Nxe5
Qxe5 15. Qe3 Qc7 16. Qf4 Qxf4 17. Bxf4 Bf5 18. Be5 Rac8 19. Ba2 Rfe8 20. Rfe1
a6 21. a4 Be6 22. Bb1 Bd7 23. Bd3 Nd5 24. Bd4 Rxe1+ 25. Rxe1 Bxa4 26. Bf5 Rd8
27. h4 h5 28. Kh2 Bc6 29. f3 Re8 30. Rxe8+ Bxe8 31. g4 Ne7 32. Bc2 Nc6 33. Bc5
Ne5 34. Kg3 Bc6 35. Bd1 hxg4 36. fxg4 f6 37. Bb3+ Kh8 38. g5 fxg5 39. hxg5 Be4
40. Bd4 Nc6 41. Bc5 Ne5 42. Bd4 Nc6 43. Bc5 g6 44. Kf4 Bg2 45. Bf8 b5 46. Bf7
Kh7 47. Be8 Na5 48. Ke5 Nc4+ 49. Kd4 Bf1 50. Bf7 Nb6 51. Bc5 Na4 52. Bb4 Kg7
53. Bd5 Nb6 54. Bb7 Kf7 55. Kc5 Nd7+ 56. Kd6 Nf8 57. Bd5+ Ke8 58. Bc6+ Kf7 59.
Bd5+ Ke8 60. Bc6+ Kf7 1/2-1/2

[Event "BL 9293 Stadthagen-Bielefeld"]
[Site "?"]
[Date "1993.??.??"]
[Round "?.4"]
[White "Tischbierek, R."]
[Black "Pohl Kuemmel, JU."]
[Result "0-1"]
[WhiteElo "2490"]
[BlackElo "2320"]
[PlyCount "82"]
[EventDate "1993.??.??"]

1. e4 d6 2. d4 Nf6 3. Nc3 g6 4. Nf3 Bg7 5. Be2 O-O 6. O-O Nc6 7. d5 Nb8 8. h3
c6 9. Re1 a5 10. Bf1 Bd7 11. Bf4 a4 12. a3 Qa5 13. Qd2 Re8 14. Rad1 cxd5 15.
exd5 Na6 16. Bh6 Bh8 17. Qf4 Rac8 18. Qh4 Nc7 19. Bd2 Ncxd5 20. Ne4 Qc7 21.
Nfg5 h5 22. Bd3 Nxe4 23. Bxe4 Nf6 24. Bd3 e5 25. c4 Bg7 26. Bb4 Bf8 27. f4 e4
28. Bxe4 Qxc4 29. Bxb7 Rxe1+ 30. Rxe1 Rb8 31. Bc3 Bg7 32. Bf3 Re8 33. Rd1 d5
34. Bxf6 Bxf6 35. Bxd5 Bd4+ 36. Kh1 Qxd5 37. f5 Bc6 38. Nf3 Re4 39. Qg3 Be5 40.
Rxd5 Bxg3 41. Rc5 Be8 0-1

[Event "BL 9293 Stadthagen-Bielefeld"]
[Site "?"]
[Date "1993.??.??"]
[Round "?.5"]
[White "Meier, V."]
[Black "Keitlinghaus, L."]
[Result "1/2-1/2"]
[WhiteElo "2310"]
[BlackElo "2455"]
[PlyCount "146"]
[EventDate "1993.??.??"]

1. e4 e5 2. Nf3 Nc6 3. Nc3 Nf6 4. Bb5 Bb4 5. O-O O-O 6. d3 Bxc3 7. bxc3 d6 8.
Bg5 h6 9. Bh4 g5 10. Bg3 Bg4 11. Re1 Ne7 12. d4 Ng6 13. h3 Bxf3 14. Qxf3 Qe7
15. Re3 Kg7 16. Rb1 Rad8 17. Bf1 b6 18. Bb5 h5 19. Bh2 Rh8 20. Rbe1 g4 21. Qe2
Rdg8 22. Kh1 Kf8 23. Qf1 h4 24. f4 exf4 25. Bxf4 Nxf4 26. Qxf4 Nh5 27. Qf2 Ng3+
28. Kh2 Rg5 29. Bd3 Nf5 30. Qxf5 Rxf5 31. exf5 Qg5 32. hxg4 Qxg4 33. Re8+ Kg7
34. f6+ Kxf6 35. Rf1+ Kg7 36. Re7 Rf8 37. Rf3 c5 38. dxc5 dxc5 39. Rxa7 Qe6 40.
Ra4 Rh8 41. Raf4 Rh6 42. Bc4 Qe5 43. Kh3 f6 44. Rg4+ Rg6 45. Rxh4 Qg5 46. Bf1
Rh6 47. Rxh6 Qxh6+ 48. Kg3 Qg6+ 49. Kh3 Qh5+ 50. Kg3 Qg6+ 51. Kh3 Qxc2 52. a3
Qh7+ 53. Kg3 Qg6+ 54. Kf2 Qc2+ 55. Kg3 Qb2 56. a4 Qa2 57. Bb5 Qe6 58. Kf2 Qd6
59. Rg3+ Kf8 60. Rf3 Qd2+ 61. Kf1 Ke7 62. Rd3 Qc1+ 63. Kf2 f5 64. Re3+ Kf6 65.
Rf3 Qd2+ 66. Kf1 Kg5 67. Rd3 Qc1+ 68. Kf2 Qc2+ 69. Kf1 Qc1+ 70. Kf2 Qf4+ 71.
Rf3 Qh4+ 72. Kf1 Qh1+ 73. Kf2 Qh4+ 1/2-1/2

[Event "BL 9293 Stadthagen-Bielefeld"]
[Site "?"]
[Date "1993.??.??"]
[Round "?.6"]
[White "Heissler, J."]
[Black "Geveke, M."]
[Result "1/2-1/2"]
[WhiteElo "2410"]
[BlackElo "2315"]
[PlyCount "107"]
[EventDate "1993.??.??"]

1. e4 e6 2. d3 d5 3. Nd2 Nf6 4. Ngf3 Be7 5. c3 c5 6. Be2 Nc6 7. O-O Qc7 8. Re1
O-O 9. Bf1 b6 10. a3 a5 11. a4 Ba6 12. Qb3 Rab8 13. exd5 exd5 14. Nb1 h6 15.
Na3 Na7 16. g3 Bd6 17. Nh4 Qd7 18. Qd1 Rbe8 19. Rxe8 Rxe8 20. Bd2 Nc6 21. Qb3
Bc7 22. Nb5 Bb8 23. Rd1 g5 24. Nf3 Qf5 25. Bg2 Re2 26. Re1 Qxd3 27. Qd1 Rxe1+
28. Nxe1 Qf5 29. Be3 Bc8 30. h3 Qe6 31. Nc2 Ne5 32. Bc1 Bb7 33. Ne3 Bc6 34. b3
Ne4 35. Qc2 f5 36. Nf1 Kg7 37. f3 Nf6 38. Ne3 Bd7 39. g4 f4 40. Nf5+ Kh8 41.
Nxh6 Nh5 42. Nf5 Ng7 43. Qd1 Nxf5 44. gxf5 Qf7 45. Ba3 Bxf5 46. b4 Nd7 47. bxa5
bxa5 48. Bxc5 Nxc5 49. Qd4+ Kh7 50. Qxc5 Qe6 51. Kh2 Qe1 52. Qf8 Qg3+ 53. Kh1
Qe1+ 54. Kh2 1/2-1/2

[Event "BL 9293 Stadthagen-Bielefeld"]
[Site "?"]
[Date "1993.??.??"]
[Round "?.7"]
[White "Beilfuss, W."]
[Black "Gauglitz, G."]
[Result "1-0"]
[WhiteElo "2235"]
[BlackElo "2415"]
[PlyCount "143"]
[EventDate "1993.??.??"]

1. c4 Nf6 2. Nc3 d5 3. cxd5 Nxd5 4. g3 Nxc3 5. bxc3 g6 6. Bg2 Bg7 7. Rb1 Nd7 8.
Nf3 O-O 9. O-O c5 10. c4 e5 11. d3 Qc7 12. Nd2 Nf6 13. Bb2 Re8 14. Bc3 Rb8 15.
a4 Bd7 16. a5 h5 17. h4 Ng4 18. Ne4 Bc6 19. Bd2 f5 20. Ng5 Bxg2 21. Kxg2 Qc6+
22. Kg1 e4 23. dxe4 fxe4 24. Bf4 Be5 25. Bxe5 Rxe5 26. Qb3 Qc7 27. Rbd1 Re7 28.
a6 bxa6 29. Qa3 Nf6 30. Qxa6 Rb6 31. Qa2 e3 32. f4 Kg7 33. Rd3 Qb7 34. Qa5 Rb2
35. Re1 Qb4 36. Qa1 Ra2 37. Qc1 Rc2 38. Qa1 Qxc4 39. Rd6 Qc3 40. Qxc3 Rxc3 41.
Ra1 Rc2 42. Raa6 Ng4 43. Rxg6+ Kf8 44. Ne6+ Rxe6 45. Rgxe6 Rxe2 46. Rxa7 Nh2
47. Rxe3 Rxe3 48. Kxh2 Rd3 49. Kg2 Ke8 50. Rg7 c4 51. Rg5 Kd7 52. Rxh5 Kc6 53.
Rh8 c3 54. Rc8+ Kd5 55. h5 Ke4 56. h6 Rd2+ 57. Kh3 Rd6 58. Rxc3 Rxh6+ 59. Kg4
Rg6+ 60. Kh4 Rg8 61. Kh3 Ra8 62. Rc5 Kf3 63. Kh4 Rh8+ 64. Kg5 Rg8+ 65. Kf6 Rxg3
66. f5 Kg4 67. Kg6 Kf4+ 68. Kf7 Kg5 69. f6+ Kh6 70. Rc1 Rf3 71. Rh1+ Kg5 72.
Kg7 1-0

[Event "BL 9293 Stadthagen-Bielefeld"]
[Site "?"]
[Date "1993.??.??"]
[Round "?.8"]
[White "Schirm, F."]
[Black "Seger, R."]
[Result "0-1"]
[WhiteElo "2340"]
[BlackElo "2380"]
[PlyCount "64"]
[EventDate "1993.??.??"]

1. Nf3 Nf6 2. c4 g6 3. Nc3 d5 4. d4 Bg7 5. Bg5 dxc4 6. e4 c5 7. dxc5 Qa5 8. Qd4
Nc6 9. Qd2 Be6 10. O-O-O Rd8 11. Nd5 Qxd2+ 12. Nxd2 Nxd5 13. exd5 Rxd5 14. Be3
c3 15. bxc3 Bxc3 16. Be2 Bd4 17. Nb3 Bxe3+ 18. fxe3 Re5 19. Kd2 Bxb3 20. axb3
Rxc5 21. Bf3 Kd7 22. Rhf1 f5 23. g4 e6 24. gxf5 exf5 25. e4 Kc7 26. exf5 Rd8+
27. Ke1 Rxf5 28. Rxd8 Kxd8 29. Rf2 Kc7 30. h4 Nd4 31. Bd1 Rxf2 32. Kxf2 Kd6 0-1

[Event "BL 9293 Empor Berlin-Bochum"]
[Site "?"]
[Date "1993.??.??"]
[Round "?.1"]
[White "Glek, I."]
[Black "Kovalev, A."]
[Result "1/2-1/2"]
[WhiteElo "2545"]
[BlackElo "2555"]
[PlyCount "71"]
[EventDate "1993.??.??"]

1. e4 e5 2. Nf3 Nc6 3. Bb5 a6 4. Bxc6 dxc6 5. O-O Qd6 6. d3 Ne7 7. Nbd2 Ng6 8.
Nc4 Qe6 9. Ne3 Bd6 10. Nf5 O-O 11. h4 Ne7 12. Ng5 Qf6 13. g4 g6 14. Nxd6 Qxd6
15. f4 f6 16. Nh3 exf4 17. Bxf4 Qd7 18. Nf2 c5 19. c3 Nc6 20. Qf3 g5 21. Bg3
Qg7 22. Qe3 gxh4 23. Bxh4 Ne5 24. Kh1 Bxg4 25. Nxg4 Nxg4 26. Qh3 Rae8 27. Rf4
Ne5 28. Raf1 Qh6 29. Kh2 Ng6 30. Rg4 Re5 31. Rf5 Kf7 32. Bg3 Qd2+ 33. Qg2 Qh6+
34. Qh3 Qd2+ 35. Qg2 Qh6+ 36. Qh3 1/2-1/2

[Event "BL 9293 Empor Berlin-Bochum"]
[Site "?"]
[Date "1993.??.??"]
[Round "?.2"]
[White "Muse, M."]
[Black "Dokhoian, Y."]
[Result "1/2-1/2"]
[WhiteElo "2490"]
[BlackElo "2510"]
[PlyCount "36"]
[EventDate "1993.??.??"]

1. d4 d5 2. c4 e6 3. Nc3 c6 4. e3 Nf6 5. Qc2 Nbd7 6. Nf3 Bd6 7. Bd2 O-O 8.
O-O-O b5 9. e4 b4 10. e5 bxc3 11. Bxc3 Bc7 12. exf6 Nxf6 13. Ne5 Ne4 14. Nxc6
Qg5+ 15. Kb1 Bb7 16. cxd5 Nxc3+ 17. Qxc3 exd5 18. Nb4 Rfc8 1/2-1/2

[Event "BL 9293 Empor Berlin-Bochum"]
[Site "?"]
[Date "1993.??.??"]
[Round "?.3"]
[White "Schulz, KJ."]
[Black "Chekhov, V."]
[Result "1/2-1/2"]
[WhiteElo "2415"]
[BlackElo "2480"]
[PlyCount "78"]
[EventDate "1993.??.??"]

1. e4 Nf6 2. e5 Nd5 3. d4 d6 4. Nf3 g6 5. Bc4 Nb6 6. Bb3 Bg7 7. O-O Nc6 8. e6
fxe6 9. Re1 O-O 10. c3 d5 11. h4 Qd6 12. h5 e5 13. dxe5 Nxe5 14. Nxe5 Bxe5 15.
hxg6 hxg6 16. Be3 c5 17. Nd2 c4 18. Bc2 Bg7 19. a4 Bf5 20. Bxf5 Rxf5 21. Qg4
Nd7 22. Nf3 Raf8 23. Nd4 Bxd4 24. Bxd4 e5 25. Bxa7 b6 26. a5 Rxf2 27. axb6 Rxb2
28. Reb1 Rf4 29. Qg5 Rxb1+ 30. Rxb1 Qc5+ 31. Kh2 Kf7 32. Qd8 Ke6 33. Qe8+ Kf6
34. Qxd7 Rh4+ 35. Kg3 Qe3+ 36. Kxh4 Qh6+ 37. Kg3 Qf4+ 38. Kh3 Qh6+ 39. Kg3 Qf4+
1/2-1/2

[Event "BL 9293 Empor Berlin-Bochum"]
[Site "?"]
[Date "1993.??.??"]
[Round "?.5"]
[White "Jackelen, T."]
[Black "Stern, R."]
[Result "1-0"]
[WhiteElo "2420"]
[BlackElo "2345"]
[PlyCount "75"]
[EventDate "1993.??.??"]

1. Nf3 d5 2. c4 e6 3. g3 Be7 4. Bg2 Nf6 5. O-O O-O 6. d4 dxc4 7. Qc2 a6 8. Qxc4
b5 9. Qc2 Bb7 10. Bg5 Nbd7 11. Bxf6 gxf6 12. Ng5 fxg5 13. Bxb7 Ra7 14. Bc6 Nb8
15. e3 Qd6 16. Rc1 e5 17. d5 f5 18. Nd2 Qh6 19. a4 b4 20. Nb3 Bd6 21. Qe2 Qh3
22. Nc5 Rf6 23. Qf3 Rh6 24. Qg2 Qh5 25. f3 e4 26. fxe4 Nxc6 27. dxc6 f4 28.
gxf4 Kh8 29. f5 Bxh2+ 30. Kf2 g4 31. Ne6 Qf7 32. Ke2 Ra8 33. Rh1 g3 34. Rad1
Re8 35. Rd7 Qh5+ 36. Kd2 Rhxe6 37. fxe6 Rxe6 38. Qxg3 {Zeit} 1-0

[Event "BL 9293 Empor Berlin-Bochum"]
[Site "?"]
[Date "1993.??.??"]
[Round "?.7"]
[White "Luecke, N."]
[Black "Rosenthal, D."]
[Result "1-0"]
[WhiteElo "2410"]
[BlackElo "2330"]
[PlyCount "93"]
[EventDate "1993.??.??"]

1. e4 e6 2. d4 d5 3. Nd2 c5 4. exd5 Qxd5 5. Ngf3 cxd4 6. Bc4 Qd6 7. O-O Nf6 8.
Nb3 Nc6 9. Nbxd4 Nxd4 10. Nxd4 Bd7 11. c3 Qc7 12. Qe2 Bc5 13. Bg5 O-O 14. Rad1
a6 15. Bxf6 gxf6 16. Qg4+ Kh8 17. Qh4 Qd8 18. Qe4 Rg8 19. Qxb7 Qe8 20. Qf3 f5
21. Rfe1 Qc8 22. Qe2 Rg7 23. g3 f4 24. Qe5 fxg3 25. hxg3 Kg8 26. Bf1 Ra7 27.
Bg2 a5 28. Nc6 Bxc6 29. Qxc5 Rc7 30. Bxc6 Rxc6 31. Qxa5 Rc7 32. Rd3 h6 33. Red1
Kh7 34. Qa4 Qb7 35. Qb3 Qe4 36. Re3 Qa8 37. Qc2+ Rg6 38. a4 Rc4 39. Rd4 Rxd4
40. cxd4 h5 41. Re5 Kh6 42. Qe2 Rg4 43. a5 Kg6 44. a6 Rxd4 45. Qxh5+ Kg7 46.
Rg5+ Kf6 47. Rb5 1-0